000 00519nam a2200181Ia 4500
005 20250508160514.0
008 008 250505s9999 xx 000 0 eng d
037 _aTextual
040 _aFEDL
_beng
_cFEDL
041 _aeng
_2eng
084 _a517.3804, HIL
_qFEDL
100 _aHille Einar
245 0 _aLectures on ordinary differential equations
260 _aReading
_bAddison-Wesley Publishing Company
_c1969
300 _a723p.
942 _cTEXL
_h517.3804, HIL
999 _c1365029
_d1365029